000
00297nam a22001097a 4500
008
160709b xxu||||| |||| 00| 0 eng d
100
_9
2481
_a
Kadel, J.P
245
_a
A New Approach to Art Education
260
_a
N.D
_b
Arya
_c
2005
300
_a
A New Approach to Art Education
942
_2
ddc
_c
BK
999
_c
2148
_d
2148